[Event "Mistrovstvi CR senioru nad 70 let a nad 80 let"]
[Site "Pelcovo divadlo Rychnov nad Kneznou, Panska ulice"]
[Date "2015.08.17"]
[Round "3.6"]
[White "Bohuslav, Jan"]
[Black "Glembek, Bohumir"]
[Result "0-1"]
[WhiteElo "1961"]
[BlackElo "1817"]
[EventDate "2015.08.15"]
[PlyCount "122"]

1. e4 Nf6 2. e5 Nd5 3. c4 Nb6 4. c5 Nd5 5. Bc4 e6 6. d4 d6 7. cxd6 cxd6 8. Nf3
Nc6 9. O-O Nb6 10. Bb3 dxe5 11. dxe5 Qxd1 12. Rxd1 Be7 13. Nc3 O-O 14. Ne4 Na5
15. Bc2 Nd5 16. a3 Bd7 17. b4 Rac8 18. Ra2 Nc4 19. Bb3 b5 20. Re2 Ncb6 21. Ree1
Bc6 22. Nd4 a6 23. Nxc6 Rxc6 24. f4 g6 25. g3 Rfc8 26. Kf2 Nc3 27. Nxc3 Rxc3
28. Be3 Rxb3 29. Bxb6 Rxa3 30. Ba5 Rc2+ 31. Re2 Raa2 32. Rxc2 Rxc2+ 33. Ke3 Rc4
34. Rd4 Rxd4 35. Kxd4 Kf8 36. Kc3 Ke8 37. Bb6 Kd7 38. Bf2 Kc6 39. Be1 Bd8 40.
Kd4 Bb6+ 41. Ke4 Kb7 42. g4 Bd8 43. h4 a5 44. bxa5 Ka6 45. h5 Bxa5 46. hxg6
hxg6 47. Bh4 b4 48. Be7 Kb5 49. f5 Kc4 50. Kf4 b3 51. Ba3 Bd2+ 52. Ke4 Kc3 53.
fxg6 fxg6 54. Bc5 Kc2 55. Ba3 Bc1 56. Bxc1 Kxc1 57. Kf4 b2 58. Kg5 b1=Q 59. Kf6
Qe4 60. Kxe6 Qxg4+ 61. Kd6 Qd4+ 0-1

[Event "Mistrovstvi CR senioru nad 70 let a nad 80 let"]
[Site "Pelcovo divadlo Rychnov nad Kneznou, Panska ulice"]
[Date "2015.08.17"]
[Round "3.7"]
[White "Biza, Miroslav"]
[Black "Laszkiewicz, Jerzy"]
[Result "0-1"]
[WhiteElo "1783"]
[BlackElo "1935"]
[EventDate "2015.08.15"]
[PlyCount "88"]

1. d4 f5 2. Nf3 g6 3. c4 Bg7 4. Nc3 Nf6 5. g3 O-O 6. Bg2 c6 7. O-O d6 8. Bg5 h6
9. Bxf6 Bxf6 10. e4 Na6 11. Qd2 Kh7 12. Rad1 e6 13. e5 Bg7 14. exd6 Qxd6 15. c5
Qe7 16. Ne5 Bd7 17. Rfe1 Rad8 18. Nc4 Nc7 19. Nd6 Bc8 20. d5 cxd5 21. Nxd5 Nxd5
22. Bxd5 Qc7 23. Bxe6 Bxe6 24. Rxe6 Qxc5 25. Re7 Rf6 26. Ne4 Qxe7 27. Ng5+ hxg5
28. Qxd8 Qxd8 29. Rxd8 Rf7 30. b3 g4 31. h3 gxh3 32. f4 Rc7 33. Rd2 Bc3 34. Re2
Rd7 35. Re8 b6 36. a4 a5 37. Kh2 Bd4 38. Kxh3 Bc5 39. Re2 Rd3 40. Rb2 Ba3 41.
Rb1 Kg7 42. Kg2 Rd2+ 43. Kh3 Rb2 44. Re1 Rxb3 0-1

[Event "Mistrovstvi CR senioru nad 70 let a nad 80 let"]
[Site "Pelcovo divadlo Rychnov nad Kneznou, Panska ulice"]
[Date "2015.08.17"]
[Round "3.8"]
[White "Pavlicek, Petr"]
[Black "Reichmann, Pavel"]
[Result "1/2-1/2"]
[WhiteElo "1931"]
[BlackElo "1779"]
[EventDate "2015.08.15"]
[PlyCount "44"]

1. e4 c6 2. d4 d5 3. exd5 cxd5 4. c4 Nf6 5. Nc3 e6 6. Nf3 Bb4 7. cxd5 Bxc3+ 8.
bxc3 Nxd5 9. Bd2 O-O 10. Bd3 Nc6 11. O-O Re8 12. Re1 Bd7 13. Ng5 Nf6 14. Qf3 h6
15. Ne4 Nxe4 16. Rxe4 f5 17. Re3 Qf6 18. Rae1 Kf8 19. d5 exd5 20. Qxd5 Rxe3 21.
Bxe3 Be6 22. Bc5+ Kf7 1/2-1/2

[Event "Mistrovstvi CR senioru nad 70 let a nad 80 let"]
[Site "Pelcovo divadlo Rychnov nad Kneznou, Panska ulice"]
[Date "2015.08.17"]
[Round "3.9"]
[White "Abraham, Karel"]
[Black "Tomandl, Vladimir"]
[Result "1/2-1/2"]
[WhiteElo "1776"]
[BlackElo "1861"]
[EventDate "2015.08.15"]
[PlyCount "54"]

1. e4 Nf6 2. e5 Nd5 3. c3 d6 4. exd6 exd6 5. d4 Be7 6. Bc4 Nf6 7. Nf3 O-O 8.
O-O Bg4 9. h3 Bh5 10. Be3 Nc6 11. Nbd2 Qd7 12. Qc2 Bg6 13. Bd3 Nd5 14. Bxg6
hxg6 15. Rfe1 Rae8 16. Qb3 Nb6 17. a4 a5 18. d5 Ne5 19. Nxe5 dxe5 20. Bxb6 cxb6
21. Ne4 Bc5 22. Nxc5 bxc5 23. c4 Qc7 24. Qc3 b6 25. b3 f5 26. Ra2 Re7 27. Rae2
f4 1/2-1/2

[Event "Mistrovstvi CR senioru nad 70 let a nad 80 let"]
[Site "Pelcovo divadlo Rychnov nad Kneznou, Panska ulice"]
[Date "2015.08.17"]
[Round "3.10"]
[White "Zeman, Ladislav"]
[Black "Vlasak, Ladislav"]
[Result "1/2-1/2"]
[WhiteElo "1849"]
[BlackElo "1771"]
[EventDate "2015.08.15"]
[PlyCount "69"]

1. b4 Nf6 2. Bb2 g6 3. Nf3 Bg7 4. e3 O-O 5. d4 a5 6. a3 axb4 7. axb4 Rxa1 8.
Bxa1 d5 9. Ne5 Nbd7 10. Be2 c6 11. Nd3 b5 12. Nd2 Nb6 13. O-O Bf5 14. Nc5 Qa8
15. g4 Bd7 16. g5 Ne8 17. Nxd7 Nxd7 18. Bb2 Nd6 19. c3 Nb6 20. Qc2 Ndc4 21. Ra1
Qb7 22. Nxc4 Nxc4 23. Bxc4 dxc4 24. Bc1 Ra8 25. Qb1 e5 26. Bd2 Ra7 27. Rxa7
Qxa7 28. dxe5 Bxe5 29. Qe4 Qa1+ 30. Kg2 Bxc3 31. Bxc3 Qxc3 32. Qxc6 Qxb4 33.
Qe8+ Kg7 34. Qe5+ Kg8 35. Qe8+ 1/2-1/2

[Event "Mistrovstvi CR senioru nad 50 let"]
[Site "Rychnov nad Kneznou"]
[Date "2015.08.18"]
[Round "4.1"]
[White "Kozak, Milos"]
[Black "Urban, Zdenek"]
[Result "1/2-1/2"]
[WhiteElo "2160"]
[BlackElo "2128"]
[PlyCount "78"]
[EventDate "2015.08.15"]

1. d4 c5 2. d5 e5 3. e4 d6 4. Bb5+ Bd7 5. a4 a6 6. Bxd7+ Nxd7 7. Nc3 g6 8. Nf3
Bg7 9. a5 Ngf6 10. Nd2 b5 11. axb6 Nxb6 12. Qe2 Qc8 13. O-O O-O 14. Na4 Nfd7
15. Nxb6 Nxb6 16. Nc4 Nxc4 17. Qxc4 Qb7 18. Ra4 f5 19. b3 h5 20. Bd2 Qb5 21.
Rfa1 Qxc4 22. Rxc4 fxe4 23. Rxe4 Rfb8 24. Ra2 Kf7 25. Kf1 Ke7 26. Ke2 Bf6 27.
Kd3 Kd7 28. Rea4 Rb6 29. f3 Be7 30. Kc4 Bf6 31. R2a3 Be7 32. c3 Bf6 33. Be3 Kc8
34. Ra2 Kb7 35. b4 Rc8 36. bxc5 dxc5 37. Ra5 Be7 38. f4 e4 39. Re2 Bd6 1/2-1/2

[Event "Mistrovstvi CR senioru nad 50 let"]
[Site "Rychnov nad Kneznou"]
[Date "2015.08.18"]
[Round "4.2"]
[White "Korinkova, Eva"]
[Black "Elias, Miroslav"]
[Result "0-1"]
[WhiteElo "1734"]
[BlackElo "2083"]
[PlyCount "72"]
[EventDate "2015.08.15"]

1. Nf3 Nf6 2. g3 d5 3. Bg2 c5 4. d3 Nc6 5. Nbd2 e5 6. e4 d4 7. Nc4 Bg4 8. a4
Bd6 9. O-O Bc7 10. Qe1 h6 11. Bd2 Nd7 12. h3 Be6 13. h4 O-O 14. Nh2 Qe7 15. f4
f6 16. f5 Bf7 17. Qe2 Nb6 18. b3 Nxc4 19. bxc4 Ba5 20. Bc1 Bc3 21. Rb1 Nb4 22.
g4 Be8 23. g5 Bxa4 24. Rxb4 cxb4 25. g6 Rfd8 26. Qh5 Bxc2 27. Ng4 b3 28. Bxh6
gxh6 29. Nxh6+ Kg7 30. Nf7 Rh8 31. Qg4 Bxd3 32. Rf2 b2 33. h5 b1=Q+ 34. Kh2 Qe1
35. Qh4 Bd2 36. Qh3 Qxf2 0-1

[Event "Mistrovstvi CR senioru nad 50 let"]
[Site "Rychnov nad Kneznou"]
[Date "2015.08.18"]
[Round "4.3"]
[White "Malinovsky, Petr"]
[Black "Jagiela, Piotr"]
[Result "0-1"]
[WhiteElo "2006"]
[BlackElo "1696"]
[PlyCount "99"]
[EventDate "2015.08.15"]

1. d4 d6 2. e4 g6 3. c4 Bg7 4. Nc3 f5 5. exf5 Bxf5 6. Nf3 Nf6 7. Bd3 e6 8. O-O
O-O 9. h3 Nc6 10. Re1 Qd7 11. Bxf5 exf5 12. d5 Nd8 13. Bd2 Re8 14. Rxe8+ Qxe8
15. Qc2 c5 16. Re1 Qd7 17. Ng5 a6 18. a4 h6 19. Ne6 Nxe6 20. dxe6 Qc7 21. Nd5
Nxd5 22. cxd5 b5 23. Bc3 Re8 24. axb5 axb5 25. Ra1 Bf8 26. b4 c4 27. Bd4 Qb7
28. Ra7 Qxd5 29. Ba1 Qxe6 30. Kh2 Qe2 31. Qc1 Qxf2 32. Qc3 Qf4+ 33. Kh1 Qe5 34.
Qf3 Qe4 35. Qa3 d5 36. Qa6 Qe6 37. Bc3 Qxa6 38. Rxa6 Kf7 39. Rf6+ Ke7 40. Rxg6
Kd7 41. Rb6 Re3 42. Bd2 Rd3 43. Bf4 c3 44. Rb7+ Ke6 45. Rb6+ Kf7 46. Rb7+ Kg6
47. Rb6+ Kh5 48. Rc6 d4 49. Be5 Rd1+ 50. Kh2 0-1

[Event "Mistrovstvi CR senioru nad 50 let"]
[Site "Rychnov nad Kneznou"]
[Date "2015.08.18"]
[Round "4.4"]
[White "Kuru, Martin"]
[Black "Plachetka, Milan"]
[Result "1-0"]
[WhiteElo "1935"]
[BlackElo "1598"]
[PlyCount "59"]
[EventDate "2015.08.15"]

1. d4 Nf6 2. Bg5 e6 3. Nf3 d5 4. e3 Be7 5. Bd3 h6 6. Bh4 Nc6 7. c3 O-O 8. Nbd2
a6 9. O-O b5 10. Qe2 Nd7 11. Bg3 f5 12. b3 Nb6 13. c4 b4 14. Rfc1 Bb7 15. Rd1
Bd6 16. Bxd6 cxd6 17. Rac1 dxc4 18. Nxc4 Nxc4 19. Bxc4 d5 20. Bd3 g5 21. Rc5 g4
22. Ne1 Rf7 23. Rdc1 Rc7 24. g3 Qd6 25. Ng2 Kg7 26. Nf4 Kf6 27. h3 Kg5 28. hxg4
fxg4 29. Kg2 h5 30. Rh1 1-0

[Event "Mistrovstvi CR senioru nad 50 let"]
[Site "Rychnov nad Kneznou"]
[Date "2015.08.18"]
[Round "4.5"]
[White "Cvejn, Jaroslav"]
[Black "Humlicek, Vojtech"]
[Result "0-1"]
[WhiteElo "1696"]
[BlackElo "2012"]
[PlyCount "98"]
[EventDate "2015.08.15"]

1. e4 c5 2. Nf3 a6 3. d4 cxd4 4. Nxd4 Nf6 5. e5 Qa5+ 6. Nc3 Qxe5+ 7. Be2 e6 8.
O-O Be7 9. Re1 Qc7 10. Bf3 Nc6 11. g3 Nxd4 12. Qxd4 d5 13. Bg5 O-O 14. a3 Bd8
15. Rab1 Bd7 16. b4 Rc8 17. Rb3 Ne8 18. Bxd8 Qxd8 19. Be2 Qf6 20. Qxf6 Nxf6 21.
Bd3 Ne8 22. Ne2 Nd6 23. Rbb1 Bb5 24. Bxb5 Nxb5 25. Rb3 Rxc2 26. a4 Nd6 27. b5
Ra8 28. bxa6 Rxa6 29. Nc3 g6 30. Reb1 Kg7 31. Ra1 Rc6 32. Nb5 Nxb5 33. Rxb5
Rc1+ 34. Rxc1 Rxc1+ 35. Kg2 Rc7 36. a5 g5 37. Kf3 f5 38. Ke3 Kf6 39. Kd4 h5 40.
Ke3 Rc3+ 41. Kd4 Rc4+ 42. Kd3 Rc7 43. Kd4 f4 44. Kd3 Kf5 45. Rb4 Rc5 46. Rxb7
Rxa5 47. gxf4 gxf4 48. f3 Ra3+ 49. Ke2 Ra2+ 0-1

[Event "Mistrovstvi CR senioru nad 50 let"]
[Site "Rychnov nad Kneznou"]
[Date "2015.08.18"]
[Round "4.6"]
[White "Dolezal, Rudolf"]
[Black "Papacek, Milos"]
[Result "1-0"]
[WhiteElo "1758"]
[BlackElo "1777"]
[PlyCount "83"]
[EventDate "2015.08.15"]

1. e4 c6 2. d4 d5 3. exd5 cxd5 4. Nf3 Bg4 5. Be2 g6 6. O-O Bg7 7. h3 Bxf3 8.
Bxf3 Nf6 9. Nc3 Nc6 10. Bg5 e6 11. Re1 O-O 12. Ne2 h6 13. Bh4 g5 14. Bg3 Ne4
15. c3 Nxg3 16. Nxg3 Qd7 17. Nh5 Bh8 18. g4 Rad8 19. Bg2 f5 20. Qd3 Qf7 21. Re2
Ne7 22. Rae1 Rd6 23. Qb5 Ng6 24. Rxe6 fxg4 25. Bxd5 Rxd5 26. Qxd5 Qxf2+ 27. Kh1
Kh7 28. Qe4 Qf3+ 29. Qxf3 gxf3 30. Rf1 Rf7 31. Kh2 Nh4 32. Kg3 Bg7 33. Nxg7
Kxg7 34. Kf2 Ng2 35. Re5 Nf4 36. Kg3 Nh5+ 37. Kh2 Kg6 38. Rf2 Ng7 39. Re3 h5
40. Rexf3 Re7 41. Rf6+ Kh7 42. Rf7 1-0

[Event "Mistrovstvi CR senioru nad 60 let"]
[Site "Rychnov nad Kneznou"]
[Date "2015.08.18"]
[Round "4.1"]
[White "Uhmann, Jan"]
[Black "Vorobyov, Yrij"]
[Result "1/2-1/2"]
[WhiteElo "2019"]
[BlackElo "2130"]
[PlyCount "43"]
[EventDate "2015.08.15"]

1. d4 d6 2. c4 e5 3. e3 f5 4. Nc3 c6 5. Qb3 Nf6 6. Bd3 Qc7 7. Nge2 e4 8. Bb1
Be7 9. O-O O-O 10. f3 exf3 11. Rxf3 g6 12. Bd2 Be6 13. d5 Bf7 14. e4 fxe4 15.
Nxe4 Nxe4 16. Bxe4 Nd7 17. Bh6 Ne5 18. Bxf8 Nxf3+ 19. Bxf3 Bxf8 20. Rf1 Bg7 21.
Nf4 Re8 22. Bg4 1/2-1/2

[Event "Mistrovstvi CR senioru nad 60 let"]
[Site "Rychnov nad Kneznou"]
[Date "2015.08.18"]
[Round "4.2"]
[White "Lorenc, Oldrich"]
[Black "Trojan, Lubos"]
[Result "1-0"]
[WhiteElo "2050"]
[BlackElo "1998"]
[PlyCount "87"]
[EventDate "2015.08.15"]

1. e4 e6 2. d4 b6 3. Nf3 Bb7 4. Bd3 Nf6 5. Qe2 d6 6. c4 Be7 7. Nc3 Nfd7 8. O-O
c5 9. d5 e5 10. Ne1 a6 11. f4 Bf6 12. Nf3 h6 13. Nd1 Qe7 14. Rb1 exf4 15. Bxf4
Ne5 16. Ne3 Nbd7 17. b4 Bc8 18. bxc5 bxc5 19. Nf5 Qf8 20. Bc2 g6 21. Ne3 Qg7
22. Ba4 O-O 23. Nd2 Bd8 24. Rb3 Bg5 25. g3 Bf6 26. Rfb1 Rd8 27. Bc6 Ra7 28.
Bxd7 Raxd7 29. Rb8 Qf8 30. R1b6 g5 31. Bxe5 Bxe5 32. Nf5 Kh7 33. Nf3 f6 34.
Nxe5 fxe5 35. a4 Ra7 36. Nxd6 Rxd6 37. Rxd6 Qxd6 38. Rxc8 Rb7 39. Qf1 Kg7 40.
Rc6 Qd8 41. Qf5 Qe8 42. Qf6+ Kg8 43. Qxh6 Rg7 44. Qe6+ 1-0

[Event "Mistrovstvi CR senioru nad 60 let"]
[Site "Rychnov nad Kneznou"]
[Date "2015.08.18"]
[Round "4.3"]
[White "Jablecnik, Gustav"]
[Black "Truksa, Vaclav"]
[Result "1-0"]
[WhiteElo "2102"]
[BlackElo "1857"]
[PlyCount "57"]
[EventDate "2015.08.15"]

1. e4 c5 2. Bc4 e6 3. Qe2 Nc6 4. c3 Nf6 5. Bb3 d6 6. d3 Be7 7. f4 Qc7 8. Nf3
Nd7 9. O-O O-O 10. Be3 b5 11. Nbd2 a5 12. a4 b4 13. Bc4 Nf6 14. Bb5 Ng4 15. Kh1
Nxe3 16. Qxe3 Bb7 17. Rfe1 Bf6 18. Rac1 Rfd8 19. d4 Be7 20. d5 Na7 21. dxe6
fxe6 22. Bc4 Bc8 23. f5 Bf6 24. fxe6 Kh8 25. cxb4 axb4 26. Ng5 Bxg5 27. Qxg5
Nc6 28. Rf1 Qe7 29. Qd5 1-0

[Event "Mistrovstvi CR senioru nad 60 let"]
[Site "Rychnov nad Kneznou"]
[Date "2015.08.18"]
[Round "4.5"]
[White "Sejkora, Vlastimil"]
[Black "Sedlacek, Jan"]
[Result "1-0"]
[WhiteElo "2260"]
[BlackElo "1909"]
[PlyCount "107"]
[EventDate "2015.08.15"]

1. e4 c5 2. Nf3 d6 3. Bb5+ Bd7 4. a4 a6 5. Bxd7+ Qxd7 6. d3 e6 7. O-O Nc6 8.
Nbd2 Nf6 9. Nc4 Rb8 10. a5 Be7 11. Bf4 O-O 12. h3 Rbe8 13. e5 dxe5 14. Nfxe5
Nxe5 15. Bxe5 Nd5 16. Re1 f6 17. Bg3 e5 18. Qf3 Bd8 19. Ra3 Ne7 20. Qd1 Nc6 21.
f3 Nd4 22. Bf2 Nb5 23. Ra1 Qc6 24. c3 Kh8 25. Qa4 Be7 26. Nb6 Rd8 27. c4 Nd4
28. Nd5 Qxa4 29. Rxa4 Bd6 30. Bxd4 exd4 31. Kf2 Rfe8 32. Rxe8+ Rxe8 33. Ra3 Rd8
34. f4 Kg8 35. Kf3 Kf7 36. Rb3 Rd7 37. f5 g6 38. Ke4 g5 39. Rb6 Be5 40. g4 h6
41. b4 cxb4 42. Rxb4 Kg7 43. Rb6 Kf7 44. c5 Kg7 45. c6 bxc6 46. Rxc6 Ra7 47.
Nb6 Kf7 48. Nc4 Bc7 49. Kxd4 Be5+ 50. Nxe5+ fxe5+ 51. Kxe5 Re7+ 52. Re6 Rd7 53.
d4 Rb7 54. Rxa6 1-0

[Event "Mistrovstvi CR senioru nad 60 let"]
[Site "Rychnov nad Kneznou"]
[Date "2015.08.18"]
[Round "4.6"]
[White "Miciak, Emanuel"]
[Black "Mlynek, Petr"]
[Result "0-1"]
[WhiteElo "1889"]
[BlackElo "2197"]
[PlyCount "46"]
[EventDate "2015.08.15"]

1. d4 d5 2. c4 c6 3. Nf3 e6 4. g3 Nf6 5. Bg2 Bd6 6. O-O O-O 7. Nc3 Nbd7 8. Qc2
Re8 9. e4 dxe4 10. Nxe4 Nxe4 11. Qxe4 e5 12. dxe5 Nxe5 13. Nxe5 Bxe5 14. Qc2
Qf6 15. Be4 Bh3 16. Re1 h6 17. Rb1 Re6 18. Qd3 Rae8 19. f3 Rd8 20. Qe2 Bd4+ 21.
Be3 Bf5 22. Kg2 Bxe4 23. Bxd4 Bxb1 0-1

[Event "Mistrovstvi CR senioru nad 60 let"]
[Site "Rychnov nad Kneznou"]
[Date "2015.08.18"]
[Round "4.7"]
[White "Novotny, Josef"]
[Black "Klimes, Jiri"]
[Result "1-0"]
[WhiteElo "2150"]
[BlackElo "1882"]
[PlyCount "55"]
[EventDate "2015.08.15"]

1. e3 d5 2. d3 g6 3. g3 Bg7 4. Bg2 Nf6 5. f3 c5 6. Nh3 Bxh3 7. Bxh3 Nc6 8. O-O
O-O 9. Nd2 b5 10. Rf2 Qb6 11. Nf1 c4 12. d4 e5 13. c3 e4 14. f4 h6 15. g4 Nh7
16. Ng3 Bf6 17. g5 hxg5 18. f5 Ne7 19. Bd2 Kg7 20. Qg4 Rh8 21. fxg6 Nxg6 22.
Raf1 Nh4 23. Nh5+ Kh6 24. Nxf6 Nf3+ 25. Rxf3 exf3 26. Qh5+ Kg7 27. Nxd5 Qd6 28.
Qxf3 1-0

[Event "Mistrovstvi CR senioru nad 60 let"]
[Site "Rychnov nad Kneznou"]
[Date "2015.08.18"]
[Round "4.8"]
[White "Innemann, Frantisek"]
[Black "Juricek, Stanislav"]
[Result "0-1"]
[WhiteElo "1877"]
[BlackElo "2112"]
[PlyCount "108"]
[EventDate "2015.08.15"]

1. e4 e5 2. Nf3 Nc6 3. d4 exd4 4. Nxd4 Bc5 5. Be3 Qf6 6. c3 Nge7 7. Qf3 Qxf3 8.
gxf3 d6 9. Nxc6 Nxc6 10. Bxc5 dxc5 11. Nd2 Bd7 12. O-O-O O-O-O 13. h4 Be6 14.
b3 Ne5 15. Kc2 g6 16. Bh3 Bxh3 17. Rxh3 Nd3 18. Rh2 Nf4 19. Nc4 Rxd1 20. Kxd1
Rd8+ 21. Kc2 Kd7 22. Ne3 Ke6 23. Rh1 h5 24. Rg1 c6 25. Rg5 b6 26. Rg1 Rd7 27.
Rg5 Nh3 28. Rg2 Rd8 29. Rh2 Ng1 30. f4 Nf3 31. Rh3 Rd2+ 32. Kb1 Rxf2 33. f5+
Kf6 34. fxg6 fxg6 35. Nc4 b5 36. Nd6 Ke5 37. Nb7 Nd2+ 38. Kc1 Nxe4 39. Rd3 Rf7
40. Na5 Rf1+ 41. Kb2 Rf2+ 42. Kb1 Rf6 43. Kc2 g5 44. hxg5 Nxg5 45. Nb7 h4 46.
Nxc5 Rf2+ 47. Kd1 h3 48. Rxh3 Nxh3 49. Nd3+ Ke4 50. Nxf2+ Nxf2+ 51. Ke2 Nd3 52.
Kd2 Ne5 53. Kc2 Ke3 54. a3 c5 0-1

[Event "Mistrovstvi CR senioru nad 60 let"]
[Site "Rychnov nad Kneznou"]
[Date "2015.08.18"]
[Round "4.9"]
[White "Hlavac, Frantisek"]
[Black "Oburka, Vladislav"]
[Result "0-1"]
[WhiteElo "2010"]
[BlackElo "1874"]
[PlyCount "104"]
[EventDate "2015.08.15"]

1. e4 e5 2. Bc4 Nf6 3. d3 c6 4. f4 d6 5. Nc3 exf4 6. Bxf4 Qb6 7. Bb3 Bg4 8. Qd2
Na6 9. h3 Be6 10. Be3 Qa5 11. Bxe6 fxe6 12. Nf3 e5 13. O-O Be7 14. Qf2 Nc7 15.
Qg3 Ne6 16. Ng5 Nf8 17. Kh2 Qc7 18. Nf3 Ng6 19. d4 O-O-O 20. d5 c5 21. Qf2 a6
22. a4 Nd7 23. Qe2 Rdf8 24. a5 Nf4 25. Qd2 g5 26. Ng1 Rhg8 27. g3 Nh5 28. Qe2
Nhf6 29. Qd2 h6 30. Qe2 h5 31. Bd2 g4 32. h4 Qd8 33. Na4 Nh7 34. Rxf8 Nhxf8 35.
b4 Bxh4 36. gxh4 Qxh4+ 37. Kg2 Ng6 38. bxc5 Nf4+ 39. Bxf4 exf4 40. Qe1 f3+ 41.
Kf1 f2 42. Nb6+ Kd8 43. Qxf2 Rf8 44. Qxf8+ Nxf8 45. Kg2 dxc5 46. e5 Qg5 47. e6
Qd2+ 48. Kh1 Ng6 49. Rf1 Nf4 50. Ne2 Ng6 51. Ng3 h4 52. Nh5 g3 0-1

[Event "Mistrovstvi CR senioru nad 60 let"]
[Site "Rychnov nad Kneznou"]
[Date "2015.08.18"]
[Round "4.10"]
[White "Just, Pavel"]
[Black "Vlachopulos, Elefteris"]
[Result "1-0"]
[WhiteElo "1999"]
[BlackElo "1798"]
[PlyCount "93"]
[EventDate "2015.08.15"]

1. e4 c5 2. Nf3 d6 3. c4 Nc6 4. d4 cxd4 5. Nxd4 Nf6 6. Nc3 a6 7. Be2 g6 8. Be3
Bg7 9. O-O O-O 10. f3 Bd7 11. Qd2 Rc8 12. Rac1 Nxd4 13. Bxd4 Bc6 14. b4 h5 15.
a4 Kh7 16. Be3 Bd7 17. a5 Be6 18. Na4 Nd7 19. Rfd1 Qc7 20. Nb6 Nxb6 21. Bxb6
Qb8 22. Be3 Rfd8 23. Rc2 Bd7 24. Rb1 f5 25. Bd3 Rf8 26. b5 Qa8 27. bxa6 bxa6
28. Rb6 Rb8 29. c5 Bb5 30. Bxb5 axb5 31. cxd6 exd6 32. exf5 Rxf5 33. Rc7 Rd5
34. Qb2 Rg8 35. Rbb7 Qf8 36. Rf7 Kh8 37. Qb3 Qe8 38. Rfe7 Qa8 39. Qxd5 Qxa5 40.
Kf2 Qc3 41. Qd2 Qc4 42. Rbc7 Qh4+ 43. Kg1 Qa4 44. Rxg7 Qa1+ 45. Kf2 Rxg7 46.
Bd4 Qxd4+ 47. Qxd4 1-0

[Event "Mistrovstvi CR senioru nad 60 let"]
[Site "Rychnov nad Kneznou"]
[Date "2015.08.18"]
[Round "4.11"]
[White "Franc, Lubor"]
[Black "Ondrejat, Miroslav"]
[Result "1/2-1/2"]
[WhiteElo "1841"]
[BlackElo "1992"]
[PlyCount "103"]
[EventDate "2015.08.15"]

1. e4 d5 2. e5 c5 3. c3 Nc6 4. Bb5 Bd7 5. Bxc6 Bxc6 6. d4 e6 7. Ne2 Ne7 8. b4
cxb4 9. cxb4 Nf5 10. a3 Be7 11. O-O O-O 12. Ng3 a5 13. Nxf5 exf5 14. bxa5 Rxa5
15. Bd2 Ra4 16. Bc3 Qd7 17. f4 g6 18. Bb2 Rfa8 19. Rf3 Rc4 20. Rc3 Ba4 21. Qd2
b5 22. Qd3 Qa7 23. Rxc4 bxc4 24. Qc3 Rb8 25. Qd2 Rb3 26. Bc3 Bd8 27. Kf1 Qb6
28. Qe1 h5 29. Qc1 Qa7 30. Nd2 Rb5 31. Rb1 Bb6 32. Rxb5 Bxb5 33. Nf3 Bd7 34.
Qb2 Qa6 35. Ke2 Qb5 36. Qxb5 Bxb5 37. Ke3 Kf8 38. h4 Ke7 39. Bb4+ Kd8 40. Kd2
Kc8 41. Kc3 Kb7 42. Ng5 Be8 43. Nf3 Ka6 44. Nd2 Kb5 45. Nf3 Bd8 46. g3 Ka4 47.
Kb2 Bd7 48. Kc3 f6 49. exf6 Bxf6 50. Ne5 Bxe5 51. dxe5 Be6 52. Bc5 1/2-1/2

[Event "Mistrovstvi CR senioru nad 60 let"]
[Site "Rychnov nad Kneznou"]
[Date "2015.08.18"]
[Round "4.12"]
[White "Dolezal, Radoslav"]
[Black "Palla, Rostislav"]
[Result "1/2-1/2"]
[WhiteElo "1964"]
[BlackElo "1790"]
[PlyCount "83"]
[EventDate "2015.08.15"]

1. e4 c5 2. c3 g6 3. d4 cxd4 4. cxd4 Bg7 5. Nf3 d6 6. h3 Nf6 7. Nc3 O-O 8. Bd3
Nc6 9. O-O Nb4 10. Be2 d5 11. e5 Ne4 12. Qb3 Nxc3 13. Qxc3 Qb6 14. a3 Nc6 15.
Be3 Bd7 16. Rac1 Rac8 17. Qd2 Na5 18. Rxc8 Rxc8 19. Rc1 Rxc1+ 20. Qxc1 Qc6 21.
Qxc6 Bxc6 22. Nd2 Bd7 23. b4 Nc6 24. f4 e6 25. Nb1 a6 26. Nc3 b5 27. g4 Bf8 28.
Kf2 Be7 29. Kf3 Bd8 30. Bd3 Bb6 31. Ne2 Kg7 32. Kf2 Kf8 33. Ke1 Na7 34. Kd2 Bd8
35. Bf2 Nc6 36. Kc3 Kg7 37. Nc1 f5 38. g5 h5 39. Nb3 Be7 40. Nc5 Bxc5 41. bxc5
Kf7 42. Be3 1/2-1/2

[Event "Mistrovstvi CR senioru nad 60 let"]
[Site "Rychnov nad Kneznou"]
[Date "2015.08.18"]
[Round "4.13"]
[White "Briza, Jiri"]
[Black "Splitek, Lubos"]
[Result "1/2-1/2"]
[WhiteElo "1947"]
[BlackElo "1777"]
[PlyCount "30"]
[EventDate "2015.08.15"]

1. e4 c5 2. c3 Nf6 3. e5 Nd5 4. Nf3 e6 5. c4 Nb6 6. Nc3 d5 7. cxd5 Nxd5 8. Bb5+
Bd7 9. Bxd7+ Qxd7 10. Nxd5 Qxd5 11. Qa4+ Nc6 12. O-O Be7 13. Re1 O-O 14. Qe4
Rfd8 15. b3 Nb4 1/2-1/2

[Event "Mistrovstvi CR senioru nad 60 let"]
[Site "Rychnov nad Kneznou"]
[Date "2015.08.18"]
[Round "4.14"]
[White "Majerik, Vladimir"]
[Black "Sibl, Vaclav"]
[Result "1/2-1/2"]
[WhiteElo "1837"]
[BlackElo "1936"]
[PlyCount "25"]
[EventDate "2015.08.15"]

1. d4 d6 2. Nf3 Bg4 3. Bf4 Bxf3 4. exf3 d5 5. Bd3 Nf6 6. c3 c6 7. Nd2 e6 8. O-O
Be7 9. Re1 O-O 10. Rc1 c5 11. dxc5 Bxc5 12. Nb3 Bb6 13. Bxb8 1/2-1/2

[Event "Mistrovstvi CR senioru nad 60 let"]
[Site "Rychnov nad Kneznou"]
[Date "2015.08.18"]
[Round "4.15"]
[White "Pavlis, Jaromir"]
[Black "Urbanec, Vladimir"]
[Result "1/2-1/2"]
[WhiteElo "1923"]
[BlackElo "1501"]
[PlyCount "49"]
[EventDate "2015.08.15"]

1. d4 d5 2. Nf3 Nf6 3. Bg5 e6 4. e3 Be7 5. Bd3 O-O 6. Nbd2 Nbd7 7. O-O c5 8. c3
a6 9. a4 b6 10. h3 Bb7 11. Nh2 h6 12. Bf4 Ne4 13. Ndf3 f5 14. Ne5 Nxe5 15. Bxe5
Bf6 16. Nf3 c4 17. Bxe4 fxe4 18. Bxf6 gxf6 19. Nh2 f5 20. f4 Qf6 21. Rf2 Qg6
22. Nf1 h5 23. h4 Kf7 24. Kh2 Rg8 25. b4 1/2-1/2

[Event "Mistrovstvi CR senioru nad 60 let"]
[Site "Rychnov nad Kneznou"]
[Date "2015.08.18"]
[Round "4.16"]
[White "Kolek, Josef"]
[Black "Rucka, Alois"]
[Result "0-1"]
[WhiteElo "1798"]
[BlackElo "1923"]
[PlyCount "80"]
[EventDate "2015.08.15"]

1. c4 e5 2. g3 d6 3. Bg2 f5 4. Nc3 Nf6 5. e3 c6 6. Nge2 Be7 7. d4 e4 8. b3 O-O
9. Bb2 Na6 10. a3 Bd7 11. Qc2 Nc7 12. Rd1 Ne6 13. b4 d5 14. c5 Qe8 15. a4 Ng5
16. h4 Nf3+ 17. Bxf3 exf3 18. Ng1 Qh5 19. Qb3 Rfe8 20. Nh3 Qg4 21. Nf4 Kh8 22.
h5 Bd8 23. Kd2 Ne4+ 24. Nxe4 Rxe4 25. Kc1 Re8 26. Kb1 Kg8 27. b5 Qg5 28. Rhg1
Bc7 29. Nd3 Qe7 30. Nf4 Qf7 31. Bc3 b6 32. bxc6 Bxc6 33. cxb6 Reb8 34. Ka2 Rxb6
35. Qc2 Ra6 36. a5 Bxa5 37. Bxa5 Rxa5+ 38. Kb2 Qb7+ 39. Kc3 Ra3+ 40. Kd2 Qb4+
0-1

[Event "Mistrovstvi CR senioru nad 60 let"]
[Site "Rychnov nad Kneznou"]
[Date "2015.08.18"]
[Round "4.17"]
[White "Mares, Ilja"]
[Black "Portych, Vaclav"]
[Result "1/2-1/2"]
[WhiteElo "1787"]
[BlackElo "1890"]
[PlyCount "21"]
[EventDate "2015.08.15"]

1. c4 c5 2. Nf3 Nf6 3. g3 g6 4. Bg2 Nc6 5. d4 cxd4 6. Nxd4 Qb6 7. Nxc6 dxc6 8.
Nc3 Bg7 9. b3 O-O 10. O-O Re8 11. Re1 1/2-1/2

[Event "Mistrovstvi CR senioru nad 60 let"]
[Site "Rychnov nad Kneznou"]
[Date "2015.08.18"]
[Round "4.18"]
[Result "1-0"]
[WhiteElo "2128"]
[BlackElo "1803"]
[PlyCount "24"]
[EventDate "2015.08.15"]

1. d4 Nf6 2. Bf4 d5 3. e3 Bf5 4. c4 e6 5. Qb3 Qc8 6. Nc3 c6 7. Rc1 Qd7 8. Nf3
Bd6 9. Bxd6 Qxd6 10. Qxb7 O-O 11. c5 Qd7 12. Qxa8 Na6 1-0

[Event "Mistrovstvi CR senioru nad 60 let"]
[Site "Rychnov nad Kneznou"]
[Date "2015.08.18"]
[Round "4.19"]
[White "Laska, Zdenek"]
[Black "Demeter, Istvan"]
[Result "1/2-1/2"]
[WhiteElo "1797"]
[BlackElo "2025"]
[PlyCount "27"]
[EventDate "2015.08.15"]

1. d4 Nf6 2. c4 c5 3. Nf3 g6 4. Nc3 Bg7 5. e4 d6 6. Be2 O-O 7. h3 cxd4 8. Nxd4
Nc6 9. Be3 Bd7 10. O-O a6 11. Qd2 Rb8 12. a4 Re8 13. f3 Qa5 14. Rfd1 1/2-1/2